| 000 | 00808nam0a22002651 4500 | ||
|---|---|---|---|
| 001 | v19\rc\1675511 | ||
| 005 | 20250619014859.0 | ||
| 035 | _a(NLR Aleph) 004782276 | ||
| 090 |
_a4680159 _c4680159 |
||
| 100 | _a20061002d1894 |||y0rusy50 ca | ||
| 101 | 0 | _arus | |
| 102 | _aRU | ||
| 105 | _ay z ||||| | ||
| 200 | 1 |
_aГигиенические беседы _fД-р А.И. Макиевский |
|
| 210 |
_aМосква _cтипо-лит. т-ва И.Н. Кушнерев и К° _d1894 |
||
| 215 |
_a64 с. _d17 |
||
| 700 | 1 |
_aМакиевский _bА.И. _f1864- _gАнатолий Исаевич |
|
| 801 | 0 |
_aRU _bNLR _gpsbo |
|
| 801 | 0 |
_aRU _bRuMoRGB _2psbo |
|
| 801 | 1 |
_aRU _bProSoft-M _2rusmarc |
|
| 852 |
_aNLR _j18.270.5.284 |
||
| 899 |
_aRuMoRGB _jD 22/297 |
||
| 899 | _aБАН | ||
| 942 | _cBOOK | ||
| 980 | _aNB | ||